000 00210 a2200097 4500
020 _a9781454929970
041 _aeng
100 _ablackaby,Susan
245 _aThe twelve Days of Christmas in Oregon
942 _cBK
999 _c31819
_d31817